000 01070nas a2200349 4500
001 BR2012000935
003 BR-BrBNA
005 20231205120153.0
007 ta
008 230509b bl.|||p| |||| 00| 00por d
040 _aBR-BrBNA
_bpor
_cBiblioteca Nacional de Agricultura
041 _a(Pt)
072 _aF30; H20
100 1 _aValentini, G.
100 1 _aBaldissera, J.N. da C.
100 1 _aMorais, P.P.P.
100 1 _aStahelin, D.
100 1 _aHeidemann, J.C.
100 1 _aStenger, F.
100 1 _aElias, H.T.
100 1 _aGuidolin, A.F.
100 1 _aCoimbra, J.L.M.
245 1 _aHerança da resistência em feijoeiro à murcha causada por Curtobacterium flaccumfaciens pv. flaccumfaciens
650 _aFEIJÃO
650 _aMURCHA BACTERIANA
650 _aVARIEDADE RESISTENTE
650 _aHEREDITARIEDADE
650 _aINOCULAÇÃO
773 0 _tPesquisa Agropecuária Brasileira (Brazil)
_xISSN 0100-204X
_g(Sep 2011), v. 46(9) p. 1045-1052
_wBR2012000935
909 _a202311
_bLúcia
_c55
_dLúcia Elande
942 _2AGRIS
_n0
_cANA
999 _c217303
_d217303